000 00262nam a2200109Ia 4500
008 190216s9999||||xx |||||||||||||| ||und||
100 _aSharma & Agarwal
245 0 _aBank Recruitment Tests
260 _bArun Prakashan
650 _aReferences
942 _cREF
999 _c35590
_d35590